000 00945na a2200229 4500
001 21299
003 MIRAKIL
005 20181213155203.0
008 170203b tu 000 0
040 _aMilas
_btur
_cTR-AnCHP
041 _atur
082 _a353.853
_bT96i 2009
090 _a353.853 T96i 2009
110 _aT.C. Sağlık Bakanlığı Hudut ve Sahiller Sağlık Genel Müdürlüğü
245 _a2009 Mali Yılı performans proğramı
_cT.C. Sağlık Bakanlığı Hudut ve Sahiller Sağlık Genel Müdürlüğü
260 _a[Ankara]
_bHudut ve Sahiller Sağlık Genel Müdürlüğü
_c2009
300 _a91 s.
_btbl. ; grf.
_c30 sm.
500 _aBu kitabın elektronik versiyonuna www. hssgm.gov.tr adresinden erişilebilir.
650 _aSağlık Bakanlığı
_xHudut ve Sahiller Genel Müdürlüğü
_yMali rapor
710 _aT.C. Sağlık Bakanlığı Hudut ve Sahiller Sağlık Genel Müdürlüğü
942 _2ddc
_cBKS
999 _c8186
_d8186